000 00791nam a22002532 4500
001 3527
003 BD-RjUL
005 20211208233739.0
008 760525s1965 ii b 001 0 eng
035 _a(BD-RjUL )3561
040 _aDLC
_cICU
_dEQO
_dBD-RjUL
_beng
041 _aeng
082 0 4 _216
_a332.4
_bSAI 1965
100 1 _aSadeque, Abdus.
_911126
245 1 0 _aIndian and Pakistan currency.
_cAbdus Sadeque.
260 _aDacca :
_bDistributed by Oxford University Press,
_c1965.
300 _avi, 398 p. :
_bill ;
_c25 cm.
504 _aBibliography: p. [391]-394.
650 0 _aCurrency question
_zIndia
_xHistory.
_911127
650 0 _aMonetary policy
_zIndia
_xHistory.
_911128
650 0 _aInternational economic relations.
_911129
942 _2ddc
_cBK
999 _c3527
_d3527